001950000a220007300045001000019000002450042000193000046000617730014001071 aBernal, Alirio10a¿Quién quebró a la caja agraria? aVol. 10, Núm 10 (1993), Páginas 52-530 tCambio 16